SAR štúdia antibiotika ulokladínu

Saved in:
Bibliographic Details
Main Author: Posnarová, Nikoleta (Author)
Other Authors: Jakubec, Pavol (Thesis advisor)
Format: Manuscript Book
Language:Slovak
Published: 2025
Subjects:
Online Access:http://is.stuba.sk/zp/portal_zp.pl?podrobnosti=183361
Tags: Add Tag
No Tags, Be the first to tag this record!

MARC

LEADER 00000ntm a22000003a 4500
001 stuzp105256
003 SK-STU
005 20250607211356.3
007 ta
008 150427s2015----xo-----f-mn---000-0-slo-d
040 |a STU  |b slo 
041 0 |a slo 
100 1 |a Posnarová, Nikoleta  |u 048140  |4 aut  |U FCHPT Ústav organickej chémie, katalýzy a petrochémie  |T FCHPT Oddelenie organickej chémie  |X 112178  |U C8140  |Y 124  |7 112178 
242 0 1 |a SAR Study of Antibiotic Ulocladine  |y eng 
245 1 0 |a SAR štúdia antibiotika ulokladínu 
260 |c 2025 
650 4 |a sulfa-Michael addition  |2 eng 
650 4 |a oxocrotone system  |2 eng 
650 4 |a β-ketosulfones  |2 eng 
650 4 |a synthetic analogues  |2 eng 
650 4 |a unsaturated macrolactones  |2 eng 
650 4 |a ulocladine  |2 eng 
650 4 |a sulfa-Michaelova adícia  |2 slo 
650 4 |a oxokrotónový systém  |2 slo 
650 4 |a ulokladín  |2 slo 
650 4 |a nenasýtené makrolaktóny  |2 slo 
650 4 |a β-ketosulfóny  |2 slo 
650 4 |a syntetické analógy  |2 slo 
700 1 |a Jakubec, Pavol  |u 048140  |k Z1  |4 ths  |U FCHPT Ústav organickej chémie, katalýzy a petrochémie  |T FCHPT Oddelenie organickej chémie  |X 4023  |U C8140  |Y 124  |7 A000004023 
856 4 |u http://is.stuba.sk/zp/portal_zp.pl?podrobnosti=183361